| 000 | 00842cam a2200265 4500 | ||
|---|---|---|---|
| 001 | 1524 | ||
| 003 | BD-RjUL | ||
| 005 | 20211208233342.0 | ||
| 008 | 700212r19741970nyu b 001 0 eng d | ||
| 035 | _a(BD-RjUL)1548 | ||
| 040 |
_aDLC _cDLC _dBD-RjUL _beng |
||
| 041 | _aeng | ||
| 082 | 0 | 0 |
_a100 _216 _bTIR 1974 |
| 100 | 1 |
_aTitus, Harold H. _q(Harold Hopper), _d1896-1984. _93308 |
|
| 245 | 1 | 4 |
_aThe range of philosophy: _bintroductory readings / _cHarold H. Titus [and] Maylon H. Hepp. |
| 250 | _a2d ed. | ||
| 260 |
_aNew York; _aNew Delhi; _bEast West press. _bVan Nostrand Reinhold Co. _cc1970 [reprinted1974] |
||
| 300 |
_axi, 386 p. _c23 cm. |
||
| 504 | _aIncludes bibliographies. | ||
| 650 | 0 |
_aPhilosophy. _95032 |
|
| 700 | 1 |
_aHepp, Maylon H., _ejoint ed. _95033 |
|
| 942 |
_2ddc _cBK |
||
| 999 |
_c1524 _d1524 |
||